000 01055nam1a22002771 4500
001 rc\2365188
005 20110829155215.1
035 _a(NLR Aleph) 006686014
090 _a5115205
_c5115205
100 _a20110829d1976 |||y0rusy50 ca
101 0 _arus
102 _aRU
105 _ay z |||||
200 1 _aЭлектроника в авиаприборостроении и автоматике
_eУчеб. пособие
_fВ.С. Александров, А.Г. Варехов
_gЛенингр. ин-т авиац. приборостроения
210 _aЛенинград
_cЛИАП
_d1976
215 _d20
606 _aАвиационные приборы, электронные
_2rkp
700 1 _aАлександров
_bВ. С.
_gВладимир Сергеевич
701 1 _aВарехов
_bА. Г.
_gАлексей Григорьевич
801 0 _aRU
_bNLR
_gpsbo
801 1 _aRU
_bELAR
_2rusmarc
852 _aNLR
_j76-3/6400
899 _aRuMoRGB
_jБ 76-36/154
899 _aRuMoRGB
_jБ 76-36/156
942 _cBOOK
980 _aNB